MS-DOS Made simple (Record no. 78660)

MARC details
000 -LEADER
fixed length control field 00946nam a2200169 a 4500
008 - FIXED-LENGTH DATA ELEMENTS--GENERAL INFORMATION
fixed length control field 120416s1994 ||||||||||||||||| || u
020 ## - INTERNATIONAL STANDARD BOOK NUMBER
International Standard Book Number 0750620692
050 ## - LIBRARY OF CONGRESS CALL NUMBER
Classification number QA 76.755 Sin
100 ## - MAIN ENTRY--PERSONAL NAME
Personal name Sinclair, Ian
245 10 - TITLE STATEMENT
Title MS-DOS Made simple
260 ## - PUBLICATION, DISTRIBUTION, ETC.
Place of publication, distribution, etc. Oxford
Name of publisher, distributor, etc. B-H
Date of publication, distribution, etc. 1994
350 ## -
-- 0.00
995 ## -
-- MAIN LIBRARY OPEN ACCESS
-- 0.00
-- 731740
-- CBU-MAIN LIBRARY (Kitwe)
-- 1
-- 10.50
-- QA 76.755 Sin
-- 1
-- AVAILABLE
-- May 26, 2006
-- 029290
-- Main Library Open Access Collection
995 ## -
-- BINDERY (DAMAGED)
-- 0.00
-- 730731
-- CBU-MAIN LIBRARY (Kitwe)
-- 3
-- 10.50
-- QA 76.755 Sin
-- 3
-- DAMAGED
-- 027350
-- Main Library Open Access Collection
995 ## -
-- BINDERY (DAMAGED)
-- 0.00
-- 731742
-- CBU-MAIN LIBRARY (Kitwe)
-- 4
-- 10.50
-- QA 76.755 Sin
-- 4
-- DAMAGED
-- 029291
-- Main Library Open Access Collection
995 ## -
-- BINDERY (DAMAGED)
-- 0.00
-- 731741
-- CBU-MAIN LIBRARY (Kitwe)
-- 2
-- 10.50
-- QA 76.755 Sin
-- 2
-- DAMAGED
-- Jul 21, 2006
-- 029292
-- Main Library Open Access Collection
999 ## -
-- 78660
-- 78660
Holdings
Withdrawn status Lost status Source of classification or shelving scheme Damaged status Not for loan Permanent Location Current Location Shelving location Date acquired Total Checkouts Full call number Barcode Date last seen Copy number Price effective from Koha item type
          CBU-MAIN LIBRARY, KITWE. CBU-MAIN LIBRARY, KITWE.   06/06/2023   QA 76.755 Sin 029290 06/06/2023 1 06/06/2023 MONOGRAPH
          CBU-MAIN LIBRARY, KITWE. CBU-MAIN LIBRARY, KITWE.   06/06/2023   QA 76.755 Sin 027350 06/06/2023 2 06/06/2023 MONOGRAPH
          CBU-MAIN LIBRARY, KITWE. CBU-MAIN LIBRARY, KITWE.   06/06/2023   QA 76.755 Sin 029291 06/06/2023 3 06/06/2023 MONOGRAPH
          CBU-MAIN LIBRARY, KITWE. CBU-MAIN LIBRARY, KITWE.   06/06/2023   QA 76.755 Sin 029292 06/06/2023 4 06/06/2023 MONOGRAPH